00699 2200229 4500001002100000005001700021035002400038040001200062082001800074082002200092090002200114100002700136245014800163250001700311260003300328300003300361650001500394850001200409990001600421990001600437990001600453YOGYA00000000009932120141009085445.0 0010-101300000000202 aYOPDYOG 2[22]a959.823 aNUS 959.823 Sur D aNUS 959.823 Sur D aSURYO SAKTI HADIWIJOYO aDaerah Istimewa Yogyakarta dalam sistem ketatanegaraan Indonesia :bSebuah pendekatan sejarah hukum dan teori kekuasaancSuryo Sakti Hadiwijoyo aEd.1, cet. 1 aYogyakartabGraha Ilmuc2013 axi, 230 hlm.c26 cm. (3 eks) aYogyakarta aYOPDYOG a1300/B.2013 a1301/B.2013 a1302/B.2013